[Event "BRA-ch Regional Sul"]
[White "Moraes, Maurino Anastacio"]
[Black "Constantino, Pedro Henrique"]
[Site "Lages"]
[Round "4"]
[Result "0-1"]
[Date "2019.10.19"]
[WhiteElo "1559"]
[BlackElo "1427"]
[PlyCount "88"]
[EventDate "2019.10.18"]
[EventType "swiss"]
[EventRounds "5"]
[EventCountry "BRA"]
[SourceTitle "CBM 195 Extra"]
[Source "ChessBase"]
[SourceDate "2020.05.31"]
[SourceVersion "1"]
[SourceVersionDate "2020.05.31"]
[SourceQuality "1"]

1. e4 c5 2. Nf3 d6 3. Bc4 Nf6 4. d3 e6 5. 0-0 Be7 6. a4 a5 7. Re1 Nc6 8. c3 d5 9. exd5 exd5 10. Bb5 0-0 11. h3 Qc7 12. Bg5 Be6 13. Nbd2 b6 14. Rc1 Na7 15. c4 Nxb5 16. cxb5 Rfe8 17. Nf1 d4 18. Nxd4 Bd5 19. Nf5 Be6 20. N1g3 Rad8 21. Nxe7+ Rxe7 22. Bxf6 gxf6 23. Nh5 f5 24. Qd2 Kh8 25. Qc3+ Rd4 26. Re3 Qd8 27. Rg3 Re8 28. Re1 Qh4 29. Ng7 Re7 30. Nxf5 Bxf5 31. Rge3 Red7 32. Re8+ Kg7 33. R1e3 Qf6 34. Rg3+ Bg6 35. h4 Qxh4 36. Qe1 Qf6 37. Rf3 Qd6 38. Rc8 Re7 39. Qc3 Qd7 40. Rc6 Re6 41. Rf4 Kf8 42. Rxb6 Rxf4 43. Qxc5+ Kg7 44. Rb8 Re1+ 0-1

[Event "Curitiba op"]
[White "Moraes, Maurino Anastacio"]
[Black "Calcado, Acyr Rogerio"]
[Site "Curitiba"]
[Round "5"]
[Result "0-1"]
[Date "2018.02.25"]
[WhiteElo "1579"]
[BlackElo "2142"]
[PlyCount "30"]
[EventDate "2018.02.23"]
[EventType "swiss"]
[EventRounds "6"]
[EventCountry "BRA"]
[SourceTitle "CBM 183 Extra"]
[Source "ChessBase"]
[SourceDate "2018.04.19"]
[SourceVersion "1"]
[SourceVersionDate "2018.04.19"]
[SourceQuality "1"]

1. b4 d5 2. Bb2 Bf5 3. Nf3 e6 4. c4 Nf6 5. e3 c6 6. b5 Be7 7. Qb3 0-0 8. Be2 Nbd7 9. d4 dxc4 10. Bxc4 Rc8 11. Nc3 cxb5 12. Bxb5 a6 13. Be2 b5 14. 0-0 b4 15. e4 bxc3 0-1

[Event "Sao Bento do Sul U2050 Etapa 3a"]
[White "Hille, Waltercler"]
[Black "Moraes, Maurino Anastacio"]
[Site "Sao Bento do Sul"]
[Round "3.5"]
[Result "1-0"]
[Date "2017.11.18"]
[WhiteElo "1912"]
[BlackElo "1565"]
[PlyCount "138"]
[EventDate "2017.11.17"]
[EventType "swiss"]
[EventRounds "6"]
[EventCountry "BRA"]
[SourceTitle "EXT 2022"]
[Source "ChessBase"]
[SourceDate "2021.10.06"]
[SourceVersion "1"]
[SourceVersionDate "2021.10.06"]
[SourceQuality "1"]

1. d4 f5 2. c4 Nf6 3. Nc3 g6 4. Bf4 Bg7 5. Nf3 d6 6. e3 0-0 7. Be2 c6 8. 0-0 Qe8 9. b4 Nh5 10. Ne1 Nxf4 11. exf4 e5 12. fxe5 dxe5 13. d5 e4 14. Rc1 Qf7 15. Qb3 Rd8 16. dxc6 Nxc6 17. Nc2 Be6 18. Rfd1 Ne5 19. Nd5 b5 20. Nf4 Bxc4 21. Bxc4 bxc4 22. Qa3 Nd3 23. Nxd3 exd3 24. Ne3 Rac8 25. Qa6 Bh6 26. Rxc4 Rxc4 27. Qxc4 Qxc4 28. Nxc4 Rd4 29. Nb2 Rxb4 30. Nxd3 Ra4 31. g3 Rxa2 32. Ne5 Rd2 33. Rb1 Rd8 34. Rb7 Ra8 35. Nc6 a5 36. Rb2 a4 37. Ra2 a3 38. f4 Bg7 39. Nb4 Bb2 40. Nd3 Bd4+ 41. Kg2 Kf7 42. Kf3 Ke6 43. Nb4 Ra4 44. Nc2 Bb2 45. Ke3 Kd5 46. Kd3 Kc5 47. h3 Rc4 48. Nxa3 Rc3+ 49. Kd2 Rxa3 50. Rxb2 Rxg3 51. Rb8 Rxh3 52. Re8 Rf3 53. Re7 Rxf4 54. Rxh7 Kd4 55. Rg7 Rg4 56. Ke2 Ke4 57. Kf2 Kf4 58. Re7 Rh4 59. Kg2 Rh8 60. Re6 g5 61. Re2 g4 62. Re6 Rd8 63. Re2 Kg5 64. Rc2 f4 65. Rc5+ Kh4 66. Rc2 f3+ 67. Kf2 Rf8 68. Kf1 Kg3 69. Rc1 Rh8 1-0

[Event "Curitiba IEP&Copel op"]
[White "Filgueiras, Nathan Felipe"]
[Black "Moraes, Maurino Anastacio"]
[Site "Curitiba"]
[Round "4"]
[Result "1-0"]
[Date "2017.05.13"]
[WhiteElo "1998"]
[BlackElo "1589"]
[PlyCount "25"]
[EventDate "2017.05.12"]
[EventType "swiss"]
[EventRounds "6"]
[EventCountry "BRA"]
[SourceTitle "CBM 178 Extra"]
[Source "ChessBase"]
[SourceDate "2017.06.22"]
[SourceVersion "1"]
[SourceVersionDate "2017.06.22"]
[SourceQuality "1"]

1. e4 c6 2. Nc3 d6 3. d4 Nf6 4. f4 Nbd7 5. e5 dxe5 6. dxe5 Ng8 7. e6 fxe6 8. Nf3 Ngf6 9. Ng5 e5 10. Bc4 e6 11. Nxe6 Qb6 12. Qe2 Bc5 13. Nxg7+ 1-0

[Event "Curitiba Sul Region-ch"]
[White "Moraes, Maurino Anastacio"]
[Black "Dias, Anderson Tatsch"]
[Site "Curitiba"]
[Round "1"]
[Result "0-1"]
[Date "2017.04.14"]
[WhiteElo "1592"]
[BlackElo "2178"]
[PlyCount "56"]
[EventDate "2017.04.14"]
[EventType "swiss"]
[EventRounds "6"]
[EventCountry "BRA"]
[SourceTitle "CBM 178 Extra"]
[Source "ChessBase"]
[SourceDate "2017.06.22"]
[SourceVersion "1"]
[SourceVersionDate "2017.06.22"]
[SourceQuality "1"]

1. e4 c5 2. Nf3 e6 3. Nc3 d6 4. a4 Nf6 5. d3 Be7 6. Be2 0-0 7. 0-0 Nc6 8. Re1 b6 9. Bf1 Bb7 10. h3 Rc8 11. Bg5 h6 12. Bh4 Nh5 13. Bxe7 Qxe7 14. Qd2 Rfd8 15. g4 Nf6 16. g5 hxg5 17. Qxg5 g6 18. Re3 Kg7 19. e5 dxe5 20. Nxe5 Rh8 21. Rae1 Rh5 22. Qg3 Nd4 23. Be2 Nf5 24. Qh2 Rg5+ 25. Bg4 Nxe3 26. Rxe3 Nxg4 27. hxg4 Rh8 28. Nxg6 Rxh2 0-1

[Event "BRA-ch Seniors 65+"]
[White "Do Prado, Hamilton Mesquita"]
[Black "Moraes, Maurino Anastacio"]
[Site "Curitiba"]
[Round "2"]
[Result "1/2-1/2"]
[Date "2016.12.09"]
[WhiteElo "1672"]
[BlackElo "1551"]
[PlyCount "77"]
[EventDate "2016.12.08"]
[EventType "swiss"]
[EventRounds "7"]
[EventCountry "BRA"]
[SourceTitle "EXT 2018"]
[Source "ChessBase"]
[SourceDate "2017.10.13"]
[SourceVersion "1"]
[SourceVersionDate "2017.10.13"]
[SourceQuality "1"]

1. d4 Nf6 2. Bf4 g6 3. e3 Bg7 4. Be2 0-0 5. Nf3 d6 6. c4 c6 7. Nc3 Nbd7 8. 0-0 Re8 9. b4 c5 10. a3 Qc7 11. bxc5 Qa5 12. Qb3 dxc5 13. Rad1 Nh5 14. Bg5 cxd4 15. exd4 e5 16. dxe5 Nxe5 17. Bd2 Be6 18. Nxe5 Bxe5 19. Bf3 Qc7 20. Bxh5 Bxc4 21. Qb2 Bxf1 22. Kxf1 gxh5 23. Qb3 Rad8 24. Nd5 Qc6 25. Bg5 Rd7 26. f4 Bg7 27. Qd3 Qa6 28. Qxa6 bxa6 29. Nf6+ Bxf6 30. Rxd7 Bxg5 31. fxg5 Re3 32. h4 Rxa3 33. Rxa7 Ra4 34. g3 Ra2 35. Rc7 a5 36. Kg1 a4 37. Kh1 Kg7 38. Rc8 a3 39. Ra8 1/2-1/2

[Event "Sao Paulo-C U1700 op 5th"]
[White "Funayama S A, Yuri"]
[Black "Moraes, Maurino Anastacio"]
[Site "Sao Paulo"]
[Round "6.27"]
[Result "0-1"]
[Date "2016.10.16"]
[WhiteElo "1752"]
[BlackElo "1590"]
[PlyCount "50"]
[EventDate "2016.10.13"]
[EventType "swiss"]
[EventRounds "6"]
[EventCountry "BRA"]
[SourceTitle "EXT 2022"]
[Source "ChessBase"]
[SourceDate "2021.10.06"]
[SourceVersion "1"]
[SourceVersionDate "2021.10.06"]
[SourceQuality "1"]

1. d4 Nf6 2. c4 d6 3. Nc3 g6 4. e4 Bg7 5. f3 0-0 6. Be3 h5 7. Qd2 Re8 8. 0-0-0 Nbd7 9. h3 c5 10. d5 a6 11. g4 b5 12. cxb5 axb5 13. Bxb5 Qa5 14. Kb1 Ba6 15. Bc6 Rab8 16. Rc1 Rb6 17. Nge2 Reb8 18. Rc2 Ne5 19. Rf1 Nc4 20. Qc1 Na3+ 21. Ka1 Nxc2+ 22. Qxc2 Bxe2 23. Rf2 Bc4 24. Qa4 Qxc3 25. Rc2 Rxb2 0-1

[Event "Sao Bento do Sul U2050 2nd"]
[White "Moraes, Maurino Anastacio"]
[Black "Streit, Geraldo"]
[Site "Sao Bento do Sul"]
[Round "2.23"]
[Result "1-0"]
[Date "2016.09.16"]
[WhiteElo "1599"]
[BlackElo "1206"]
[PlyCount "47"]
[EventDate "2016.09.16"]
[EventType "swiss"]
[EventRounds "7"]
[EventCountry "BRA"]
[SourceTitle "EXT 2022"]
[Source "ChessBase"]
[SourceDate "2021.10.06"]
[SourceVersion "1"]
[SourceVersionDate "2021.10.06"]
[SourceQuality "1"]

1. e4 e5 2. Nf3 Nc6 3. Bc4 Bc5 4. 0-0 d6 5. d3 Nf6 6. Bg5 0-0 7. c3 Re8 8. Nbd2 Be6 9. Bh4 a6 10. Bd5 h6 11. a4 g5 12. Bxe6 Rxe6 13. Bg3 Nh5 14. b4 Nxg3 15. hxg3 Ba7 16. Nh2 d5 17. exd5 Qxd5 18. Ne4 Rd8 19. Ng4 Kg7 20. Qf3 Qxd3 21. Ne3 Rd7 22. Rfd1 Nd4 23. cxd4 Qb3 24. Nf5+ 1-0

[Event "Sao Bento do Sul U2050 2nd"]
[White "Reichert, Thiago da Cruz"]
[Black "Moraes, Maurino Anastacio"]
[Site "Sao Bento do Sul"]
[Round "1.5"]
[Result "1-0"]
[Date "2016.09.16"]
[WhiteElo "1980"]
[BlackElo "1599"]
[PlyCount "45"]
[EventDate "2016.09.16"]
[EventType "swiss"]
[EventRounds "7"]
[EventCountry "BRA"]
[SourceTitle "EXT 2022"]
[Source "ChessBase"]
[SourceDate "2021.10.06"]
[SourceVersion "1"]
[SourceVersionDate "2021.10.06"]
[SourceQuality "1"]

1. d4 Nf6 2. c4 d6 3. Nc3 Nbd7 4. e3 c5 5. Nf3 a6 6. Bd3 e5 7. 0-0 Be7 8. Qc2 Qc7 9. b3 Nf8 10. h3 cxd4 11. exd4 exd4 12. Nxd4 Ng6 13. Ba3 0-0 14. Rad1 Bd7 15. Nf5 Rfe8 16. Nxe7+ Rxe7 17. Bxg6 hxg6 18. Bxd6 Qd8 19. Bxe7 Qxe7 20. Rfe1 Be6 21. Nd5 Qc5 22. b4 Qf8 23. Nxf6+ 1-0

[Event "Catarinense-ch"]
[White "Matsuura, Everaldo"]
[Black "Moraes, Maurino Anastacio"]
[Site "Tres Barras"]
[Round "1"]
[Result "1-0"]
[Date "2016.06.23"]
[WhiteElo "2503"]
[BlackElo "1602"]
[PlyCount "31"]
[EventDate "2016.06.23"]
[EventType "swiss"]
[EventRounds "7"]
[EventCountry "BRA"]
[SourceTitle "EXT 2017"]
[Source "ChessBase"]
[SourceDate "2016.10.25"]
[SourceVersion "1"]
[SourceVersionDate "2016.10.25"]
[SourceQuality "1"]

1. d4 Nf6 2. c4 d5 3. cxd5 Qxd5 4. Nc3 Qa5 5. Nf3 g6 6. Bd2 Bg7 7. e4 c6 8. Bc4 Bg4 9. e5 Nfd7 10. Bxf7+ Kd8 11. Bc4 b5 12. Be2 Qb6 13. Ng5 Bxe2 14. Qxe2 b4 15. Nce4 Kc8 16. Ne6 1-0